000 00356nam a22001457a 4500
003 LK-CoDNM
005 20240829093202.0
008 240829b |||||||| |||| 00| 0 eng d
040 _aLK-CoDNM
_dLK-CoDNM
_eLK-CoDNM
080 _b1916
245 _aThe colonial office list
260 _aColombo
_c1916
300 _blx, 732p. : map ; 21 cm
942 _cBK
999 _c149845
_d149845